000 00689nam0a22002651 4500
001 RU\NLR\INFOCOMM6\ROSSICA\1000356841
005 20250613194150.0
035 _a(NLR Aleph) 009987349
090 _a9723527
_c9723527
100 _a20030926d1891 |||y0rusy50 ca
101 0 _aeng
102 _aRU
105 _ay ||||000ay
200 1 _aThe Russian telegraph code
_fD.J.Saunders and Thabe Carl
210 _aSt.Petersburg
_d1891
215 _d
700 1 _aSaunders
_bD.J.
_4070
701 1 _aThabe
_bC.
_gCarl
_4070
801 1 _aRU
_bInfoComm
_c20030926
801 0 _aRU
_bNLR
_gPSBO
852 _aNLR
_j12.55.3.98
942 _cBOOK
980 _aNB
980 _aRossica